00346 a2200109 4500001000900000005001700009008004100026245005600067100002400123773007200147999001700219ART_342320260410161714.0260409a 10aDinero pasivo internacional y hegemonía monetaria1 aOlivera, Julio H.G.0 tDesarrollo económicog- Vol. 23, Nº 89 (abr./jun. 1983)wREV1174 c16377d16377